Richerche sul Codex Hermogenianus

Zapisane w:
Opis bibliograficzny
1. autor: Cenderelli, Aldo (Autor)
Format: Książka
Język:włoski
Wydane: Milán Dott. A. Giuffrè 1965
Seria:Pubblicazioni della Facoltà di Giurisprudenza
Hasła przedmiotowe:
Etykiety: Dodaj etykietę
Nie ma etykietki, Dołącz pierwszą etykiete!

MARC

LEADER 00000nam a2200000 a 4500
001 UCR0319
003 CL-VaPUC
005 20210313001951.0
008 971129e19650000IT |||||||||||||||||ita|d
999 |c 263863  |d 263861 
040 |c Pontificia Universidad Católica de Valparaíso 
082 0 4 |a 340.5401  |b CEN  |2 21 
100 0 |a Cenderelli, Aldo  |e author  |9 395834 
245 1 0 |a Richerche sul Codex Hermogenianus 
260 |a Milán  |b Dott. A. Giuffrè  |c 1965 
300 |a 273 p 
490 0 |a Pubblicazioni della Facoltà di Giurisprudenza 
583 |a last modification  |c 19971129 00:00:00  |k Rodrigo Vera 
600 0 |a Justiniano I  |d 483-565  |9 858631 
650 0 |a Derecho romano  |9 255930 
650 7 |a FUENTES  |2 CL-VaPUC  |9 255666 
650 7 |a TEXTOS JURIDICOS  |2 CL-VaPUC  |9 395835 
650 7 |a SISTEMA JURIDICO  |2 CL-VaPUC  |9 395836 
650 7 |a CODEX HERMOGENIANUS  |2 CL-VaPUC  |9 395837 
852 |a BIBCUR 
942 |c BK  |2 ddc 
945 |d 19971129 00:00:00  |a aolguin 
952 |0 0  |1 0  |4 0  |6 340_540100000000000_CEN_1965  |7 0  |8 DER_ROM  |9 293348  |a BIBDER  |b BIBDER  |d 2019-11-19  |i 1898833  |l 1  |o 340.5401 CEN 1965  |p 1898833  |r 2023-01-25  |s 2020-03-19  |w 2019-11-19  |x Ubicación 4to piso  |y BK  |z Este recurso debe solicitarse con anticipación  |k DER